Coaching and learning in schools a practical guide

Gardado en:
Detalles Bibliográficos
Autor Principal: GORNALL, Sarah Burn, Mannie
Formato: Libro
Idioma:inglés
Publicado: SAGE 2013
Tags: Engadir etiqueta
Sen Etiquetas, Sexa o primeiro en etiquetar este rexistro!

MARC

LEADER 00000nam a22000007a 4500
008 201218b ||||| |||| 00| 0 eng d
020 |a 978-1-4462-4088-5 
100 |a GORNALL, Sarah  |a Burn, Mannie 
245 |a Coaching and learning in schools  |b a practical guide  |c Sarah Gornall and Mannie Burn  |g ix, 141p.; ill. 
260 |b SAGE  |c 2013  |h Thousand Oaks, California  |i 692297  |i 692298  |l LB1031 .G68  |m Individualized instruction  |m Individualized instruction – Case studies  |m Learning  |m Learning – Case studies 
500 |a “It includes bibliographical references and index”. 
942 |a lcc  |c BK  |e O.A.JOHNSON  |f 18/12/20 
952 |0 0  |1 0  |2 lcc  |4 0  |6 LB1031 G68  |7 0  |9 748  |a HOL  |b ED  |c LP  |d 2020-12-18  |l 0  |o LB1031 .G68  |p 2020-229962  |r 2020-12-18 00:00:00  |w 2020-12-18  |y BK 
952 |0 0  |1 0  |2 lcc  |4 0  |6 LB1031 G68  |7 0  |9 749  |a HOL  |b HOL  |c LP  |d 2020-12-18  |l 0  |o LB1031 .G68  |p 2020-229963  |r 2020-12-18 00:00:00  |w 2020-12-18  |y BK 
999 |c 422  |d 422